000 00615cam a22002293a 4500
001 12026
003 PGUSA
005 20140828083243.0
008 040715s2004||||xxu|||||s|||||000 p eng d
040 _aPGUSA
_beng
042 _adc
050 4 _aPR
100 1 _aFreeman, John,
_d1880-1929
245 1 0 _aPoems New and Old
_h[electronic resource] /
_cJohn Freeman
260 _bProject Gutenberg,
_c2004
506 _aPublic domain in the USA.
516 _aElectronic text
653 _aEnglish poetry
830 0 _aProject Gutenberg
_v12026
856 4 0 _uhttp://www.gutenberg.org/ebooks/12026
942 _cEB
999 _c241281
_d241281